Thương một lối về Thơ
vv
Đã lưu trong:
| Tác giả chính: | |
|---|---|
| Định dạng: | Sách |
| Năm xuất bản: |
Huế
Thuận Hóa
2006
|
| Chủ đề: | |
| Tags: |
Thêm thẻ
Không có thẻ, Hãy là người đầu tiên gắn thẻ bản ghi này!
|
| LEADER | 01085nam a2200217 4500 | ||
|---|---|---|---|
| 082 | |a 895.92214 |b NG527TH | ||
| 100 | |a Nguyễn Thiên Sơn | ||
| 245 | |a Thương một lối về |c Nguyễn Thiên Sơn |b Thơ | ||
| 260 | |a Huế |b Thuận Hóa |c 2006 | ||
| 300 | |a 61tr. |c 19cm | ||
| 520 | |a vv | ||
| 653 | |a Văn học hiện đại | ||
| 653 | |a Thế kỷ 21 | ||
| 653 | |a Việt Nam | ||
| 653 | |a Thơ | ||
| 942 | |2 ddc |c STK0 | ||
| 999 | |c 3840 |d 3840 | ||
| 952 | |0 0 |1 0 |2 ddc |4 0 |6 895_922140000000000_NG527TH |7 1 |8 800 |9 38998 |a qbu |b qbu |c D5 |d 2014-12-17 |g 25000 |o 895.92214 NG527TH |p 3878.C1 |r 0000-00-00 |w 2014-12-17 |y STK0 | ||
| 952 | |0 0 |1 0 |2 ddc |4 0 |6 895_922140000000000_NG527TH |7 0 |8 800 |9 38999 |a qbu |b qbu |c D5 |d 2014-12-17 |g 25000 |o 895.92214 NG527TH |p 3878.C2 |r 0000-00-00 |w 2014-12-17 |y STK0 | ||
| 952 | |0 0 |1 0 |2 ddc |4 0 |6 895_922140000000000_NG527TH |7 0 |8 800 |9 39000 |a qbu |b qbu |c D5 |d 2014-12-17 |g 25000 |o 895.92214 NG527TH |p 3878.C3 |r 0000-00-00 |w 2014-12-17 |y STK0 | ||
| 952 | |0 0 |1 0 |2 ddc |4 0 |6 895_922140000000000_NG527TH |7 0 |8 800 |9 39001 |a qbu |b qbu |c D5 |d 2014-12-17 |g 25000 |o 895.92214 NG527TH |p 3878.C4 |r 0000-00-00 |w 2014-12-17 |y STK0 | ||